Supreme Court reports : (Record no. 9479)
[ view plain ]
| 000 -LEADER | |
|---|---|
| fixed length control field | 01061nam a22001937a 4500 |
| 003 - CONTROL NUMBER IDENTIFIER | |
| control field | OSt |
| 005 - DATE AND TIME OF LATEST TRANSACTION | |
| control field | 20260416021418.0 |
| 008 - FIXED-LENGTH DATA ELEMENTS--GENERAL INFORMATION | |
| fixed length control field | 260416b |||||||| |||| 00| 0 eng d |
| 040 ## - CATALOGING SOURCE | |
| Original cataloging agency | DWC-Main lib. |
| Transcribing agency | OC |
| 082 ## - DEWEY DECIMAL CLASSIFICATION NUMBER | |
| Classification number | Fil. 348.044 Su959 |
| 110 ## - MAIN ENTRY--CORPORATE NAME | |
| Corporate name or jurisdiction name as entry element | EDITORIAL STAFF OF THE CENTRAL LAWBOOK PUBLISHING CO., INC |
| 245 ## - TITLE STATEMENT | |
| Title | Supreme Court reports : |
| Remainder of title | annotated/ |
| Statement of responsibility, etc. | EDITORIAL STAFF OF THE CENTRAL LAWBOOK PUBLISHING CO., INC |
| 260 ## - PUBLICATION, DISTRIBUTION, ETC. | |
| Place of publication, distribution, etc. | Manila, Philippines : |
| Name of publisher, distributor, etc. | Central Lawbook Publishing Company, Inc. |
| 300 ## - PHYSICAL DESCRIPTION | |
| Extent | various paging : |
| Dimensions | 23 cm. |
| 501 ## - WITH NOTE | |
| With note | Volume 241 to 250 |
| 504 ## - BIBLIOGRAPHY, ETC. NOTE | |
| Bibliography, etc. note | v.231 - March 10 to April 26, 1994<br/>v.232 - April 28 to June 6, 1994<br/>v.233 - June 7 to July 7, 1994<br/>v.234 - July 8 to August 3, 1994<br/>v.235 - August 4 to August 25, 1994<br/>v.236 - August 30 to September 23, 1994<br/>v.237 - September 26 to October 28, 1994<br/>v.238 - November 7 to December 5, 1994<br/>v.239 - December 6 to December 29, 1994<br/>v.240 - January 2 to january 31, 1995 |
| 650 ## - SUBJECT ADDED ENTRY--TOPICAL TERM | |
| Topical term or geographic name entry element | 1. Law reports, digests, etc.--- Philippines. |
| 942 ## - ADDED ENTRY ELEMENTS (KOHA) | |
| Source of classification or shelving scheme | Dewey Decimal Classification |
| Koha item type | Book-Filipiniana |
| Classification part | Fil. |
| Suppress in OPAC | No |
| 952 ## - LOCATION AND ITEM INFORMATION (KOHA) | |
| -- | |
| 952 ## - LOCATION AND ITEM INFORMATION (KOHA) | |
| -- | |
| 952 ## - LOCATION AND ITEM INFORMATION (KOHA) | |
| -- | |
| 952 ## - LOCATION AND ITEM INFORMATION (KOHA) | |
| -- | |
| 952 ## - LOCATION AND ITEM INFORMATION (KOHA) | |
| -- | |
| 952 ## - LOCATION AND ITEM INFORMATION (KOHA) | |
| -- | |
| 952 ## - LOCATION AND ITEM INFORMATION (KOHA) | |
| -- | |
| 952 ## - LOCATION AND ITEM INFORMATION (KOHA) | |
| -- | |
| 952 ## - LOCATION AND ITEM INFORMATION (KOHA) | |
| -- | |
| 952 ## - LOCATION AND ITEM INFORMATION (KOHA) | |
| -- | |
| Withdrawn status | Lost status | Source of classification or shelving scheme | Damaged status | Not for loan | Home library | Current library | Shelving location | Date acquired | Source of acquisition | Total Checkouts | Full call number | Barcode | Date last seen | Copy number | Price effective from | Koha item type | Uniform Resource Identifier |
|---|---|---|---|---|---|---|---|---|---|---|---|---|---|---|---|---|---|
| Dewey Decimal Classification | College Library | College Library | Filipiniana | 03/08/2006 | School Fund | Fil. 348.044 Su959 | CL43112 | 04/16/2026 | c1 | 04/16/2026 | BK - FIL | ||||||
| Dewey Decimal Classification | College Library | College Library | Filipiniana | 03/08/2006 | School Fund | Fil. 348.044 Su959 | 43113 | 04/16/2026 | c2 | 04/16/2026 | BK - FIL | ||||||
| Dewey Decimal Classification | College Library | College Library | Filipiniana | 03/08/2006 | School Fund | Fil. 348.044 Su959 | 43114 | 04/16/2026 | c3 | 04/16/2026 | BK - FIL | ||||||
| Dewey Decimal Classification | College Library | College Library | Filipiniana | 03/08/2006 | School Fund | Fil. 348.044 Su959 | 43115 | 04/16/2026 | c4 | 04/16/2026 | BK - FIL | ||||||
| Dewey Decimal Classification | College Library | College Library | Filipiniana | 03/08/2006 | School Fund | Fil. 348.044 Su959 | 43116 | 04/16/2026 | c5 | 04/16/2026 | BK - FIL | ||||||
| Dewey Decimal Classification | College Library | College Library | Filipiniana | 03/08/2006 | School Fund | Fil. 348.044 Su959 | 43117 | 04/16/2026 | c6 | 04/16/2026 | BK - FIL | ||||||
| Dewey Decimal Classification | College Library | College Library | Filipiniana | 03/08/2006 | School Fund | Fil. 348.044 Su959 | 43118 | 04/16/2026 | c7 | 04/16/2026 | BK - FIL | ||||||
| Dewey Decimal Classification | College Library | College Library | Filipiniana | 03/08/2006 | School Fund | Fil. 348.044 Su959 | 43119 | 04/16/2026 | c8 | 04/16/2026 | BK - FIL | ||||||
| Dewey Decimal Classification | College Library | College Library | Filipiniana | 03/08/2006 | School Fund | Fil. 348.044 Su959 | 43120 | 04/16/2026 | c9 | 04/16/2026 | BK - FIL | ||||||
| Dewey Decimal Classification | College Library | College Library | Filipiniana | 03/08/2006 | School Fund | Fil. 348.044 Su959 | 43121 | 04/16/2026 | c10 | 04/16/2026 | BK - FIL |